Vida secreta de las mamás / (Record no. 170470)

MARC details
000 -CABECERA
campo de control de longitud fija 00765nam a2200229 a 4500
005 - FECHA Y HORA DE LA ÚLTIMA TRANSACCIÓN
campo de control 20240228064344.0
008 - ELEMENTOS DE LONGITUD FIJA--INFORMACIÓN GENERAL
campo de control de longitud fija 140626s2009 mx r 000 0 spa d
020 ## - NÚMERO INTERNACIONAL NORMALIZADO PARA LIBROS
Número Internacional Estándar del Libro 9788484833864
035 ## - NÚMERO DE CONTROL DEL SISTEMA
Número de control de sistema UPN01000198369
049 ## - COLECCIÓN
Colección I
050 #4 - SIGNATURA TOPOGRÁFICA DE LA BIBLIOTECA DEL CONGRESO
Número de clasificación PZ41
Número de documento/Ítem M3.8
100 1# - ASIENTO PRINCIPAL--NOMBRE PERSONAL
Nombre de persona Masini, Beatrice,
Fechas asociadas al nombre 1962-
9 (RLIN) 35606
245 10 - MENCIÓN DE TÍTULO
Título Vida secreta de las mamás /
Mención de responsabilidad, etc. Beatrice Masini ; il. Alina Marais ; tr. Ana Belén Valverde Elices.
260 ## - PUBLICACIÓN, DISTRIBUCIÓN, ETC.
Lugar de publicación, distribución, etc. Madrid :
Nombre del editor, distribuidor, etc. Laberinto,
Fecha de publicación, distribución, etc. 2009.
300 ## - DESCRIPCIÓN FÍSICA
Extensión [26] p. :
Otras características físicas il. col.
440 #0 - MENCIÓN DE SERIE/ASIENTO SECUNDARIO--TÍTULO
Título Album ilustrado.
Nombre de parte o sección de la obra A partir de 4 años
534 ## - NOTA SOBRE LA VERSIÓN ORIGINAL
Frase introductoria Título original:
Mención de título del original Vita segreta delle mamme
650 #4 - ASIENTO SECUNDARIO DE MATERIA - TERMINO TEMATICO
Término de materia o nombre geográfico como elemento de entrada Literatura infantil italiana
9 (RLIN) 11122
650 #4 - ASIENTO SECUNDARIO DE MATERIA - TERMINO TEMATICO
Término de materia o nombre geográfico como elemento de entrada Madres e hijos
Subdivisión de forma Literatura infantil
9 (RLIN) 12201
905 ## - TIPO DE MATERIAL
Tipo de material Infantil
Holdings
Estado de retiro Estado de pérdida Fuente del sistema de clasificación o colocación Estado dañado No para préstamo Código de colección Localización permanente Ubicación/localización actual Ubicación en estantería Fecha de adquisición Total de préstamos Clasificación Código de barras Fecha visto por última vez Fecha del último préstamo Número de copia Tipo de ítem Koha
    Library of Congress Classification     Infantil Bib. Gregorio Torres Quintero Bib. Gregorio Torres Quintero Sala infantil Planta baja 10/05/2023 3 PZ41 M3.8 306246 26/05/2025 13/05/2025 1 Libro
    Library of Congress Classification     Infantil Bib. Gregorio Torres Quintero Bib. Gregorio Torres Quintero Sala infantil Planta baja 10/05/2023 4 PZ41 M3.8 297679 24/03/2025 20/03/2025 1 Libro